[Event "Manitoba Closed"]
[Site "Winnipeg CAN"]
[Date "2023.08.25"]
[Round "1.2"]
[White "Vaughan, Nathan"]
[Black "Zaczek, Jonathon"]
[Result "0-1"]
[WhiteElo "1963"]
[BlackElo "2278"]
[PlyCount "92"]
[EventDate "2023.08.25"]
[EventType "swiss"]
[EventRounds "5"]
[EventCountry "CAN"]

1. e4 c5 2. Nf3 d6 3. d4 cxd4 4. Nxd4 Nf6 5. Nc3 a6 6. Bg5 e6 7. f4 Qb6 8. Qd2
Nc6 9. O-O-O Qxd4 10. Qxd4 Nxd4 11. Rxd4 h6 12. Bh4 Be7 13. Na4 d5 14. e5 Nd7
15. Bxe7 Kxe7 16. c4 dxc4 17. Nc3 b5 18. a4 Nc5 19. Kc2 Bd7 20. Be2 Rac8 21.
Bf3 b4 22. Ne4 Bxa4+ 23. Kb1 Nxe4 24. Bxe4 Rhd8 25. Rxd8 Rxd8 26. Bc2 Bc6 27.
Kc1 a5 28. Rg1 a4 29. g4 Ra8 30. Rg3 Bd5 31. h4 Bc6 32. g5 hxg5 33. fxg5 Ra5
34. h5 Rxe5 35. h6 gxh6 36. gxh6 Rh5 37. h7 Rh1+ 38. Kd2 Rh2+ 39. Kc1 f5 40.
Rg7+ Kf6 41. Rc7 Bd5 42. Bxa4 c3 43. bxc3 bxc3 44. Kd1 Be4 45. Rxc3 Rxh7 46.
Bc6 Rc7 0-1

[Event "Manitoba Closed"]
[Site "Winnipeg CAN"]
[Date "2023.08.25"]
[Round "1.3"]
[White "Wolchock, Theo"]
[Black "Currie, James"]
[Result "0-1"]
[WhiteElo "2227"]
[BlackElo "1914"]
[PlyCount "114"]
[EventDate "2023.08.25"]
[EventType "swiss"]
[EventRounds "5"]
[EventCountry "CAN"]

1. e4 d5 2. exd5 Nf6 3. d4 Nxd5 4. c4 Nb4 5. a3 N4a6 6. Nf3 g6 7. Be2 Bg7 8.
Nc3 O-O 9. O-O Nd7 10. Re1 Re8 11. Bf4 c6 12. Qd2 Nc7 13. Rad1 Nf6 14. h3 a6
15. a4 Ne6 16. Be5 Qa5 17. Rb1 Nh5 18. b4 Qd8 19. Bxg7 Kxg7 20. d5 Nef4 21. Nd4
e5 22. Bxh5 Qg5 23. Qxf4 Qxf4 24. Nde2 Qxc4 25. Bf3 f5 26. Rec1 Qh4 27. g3 Qf6
28. dxc6 bxc6 29. Nd1 Bb7 30. Rc2 Rad8 31. Rbc1 Rd6 32. Ne3 Red8 33. Nc4 Rd1+
34. Kh2 Rxc1 35. Rxc1 Rd3 36. Bg2 Qe7 37. Rb1 f4 38. Be4 fxg3+ 39. fxg3 Rd7 40.
Bg2 e4 41. Nf4 h5 42. Re1 Rd4 43. Ne3 Bc8 44. h4 Bg4 45. Rc1 Qd7 46. Rc5 Rd2
47. Rg5 Qf7 48. Kg1 Bf3 49. Bh3 Qb3 50. Rxg6+ Kh7 51. Nf5 Qd1+ 52. Bf1 Rg2+ 53.
Nxg2 Kxg6 54. Nge3 Qxa4 55. Bc4 Qxb4 56. Bxa6 Bg4 57. Ne7+ Qxe7 0-1

[Event "Manitoba Closed"]
[Site "Winnipeg CAN"]
[Date "2023.08.25"]
[Round "1.4"]
[White "Kwiatek, Jordan"]
[Black "Babb, Jeff"]
[Result "1-0"]
[WhiteElo "1886"]
[BlackElo "2129"]
[PlyCount "107"]
[EventDate "2023.08.25"]
[EventType "swiss"]
[EventRounds "5"]
[EventCountry "CAN"]

1. d4 Nf6 2. Bg5 Ne4 3. Bf4 c5 4. d5 Qa5+ 5. c3 d6 6. f3 Nf6 7. e4 Nbd7 8. Na3
g6 9. Nc4 Qc7 10. a4 Bg7 11. Qd2 h6 12. g4 b6 13. h4 Bb7 14. h5 g5 15. Bh2
O-O-O 16. a5 b5 17. a6 bxc4 18. axb7+ Kxb7 19. Bxc4 Nb6 20. Bb5 e6 21. Bc6+ Kb8
22. Ne2 exd5 23. exd5 Nfd7 24. O-O Nc4 25. Qc2 Ne3 26. Qb3+ Qb6 27. Bxd6+ Kc8
28. Qa3 Nc4 29. Bxd7+ Rxd7 30. Qxc5+ Qxc5+ 31. Bxc5 Nd2 32. Rfd1 Nb3 33. Ra4
Nxc5 34. Rc4 Rhd8 35. Rxc5+ Kb8 36. Nd4 Bxd4+ 37. Rxd4 Rd6 38. Rb4+ Rb6 39.
Rcb5 Rxb5 40. Rxb5+ Kc7 41. Kf2 Re8 42. c4 f5 43. Rc5+ Kd7 44. Rc6 fxg4 45.
fxg4 Rb8 46. Rxh6 Rxb2+ 47. Kf3 Rc2 48. Rc6 a5 49. h6 a4 50. h7 Rh2 51. Ra6 Ke7
52. Rxa4 Kf8 53. Ke4 Rxh7 54. Ra8+ 1-0

[Event "Manitoba Closed"]
[Site "Winnipeg CAN"]
[Date "2023.08.25"]
[Round "1.5"]
[White "Zashev, Aleksandar"]
[Black "Bonness, Will"]
[Result "0-1"]
[WhiteElo "2066"]
[BlackElo "2278"]
[PlyCount "79"]
[EventDate "2023.08.25"]
[EventType "swiss"]
[EventRounds "5"]
[EventCountry "CAN"]

1. e4 d5 2. e5 c5 3. d4 Nc6 4. Bb5 Bd7 5. Bxc6 Bxc6 6. e6 fxe6 7. Nf3 Nf6 8.
O-O g6 9. Nbd2 cxd4 10. Nxd4 e5 11. Ne6 Qd6 12. Ng5 Bg7 13. Re1 h6 14. Ngf3 e4
15. Nh4 Kf7 16. Nb3 e6 17. g3 g5 18. Ng2 Rhf8 19. Be3 b6 20. c4 Rfd8 21. c5
bxc5 22. Bxc5 Qd7 23. h4 Ba4 24. Bd4 Kg6 25. Ne3 gxh4 26. Bxf6 Bxb3 27. Qg4+
Kxf6 28. Qxh4+ Kg6 29. axb3 Bxb2 30. Ra6 Bf6 31. Qg4+ Kf7 32. Qh5+ Kg7 33. Kg2
Qf7 34. Qh3 Re8 35. Kg1 Re7 36. Rf1 Rb8 37. Ng4 h5 38. Ne3 Rxb3 39. g4 d4 40.
Nf5+ 0-1

[Event "Manitoba Closed"]
[Site "Winnipeg CAN"]
[Date "2023.08.25"]
[Round "1.6"]
[White "Atem, James"]
[Black "Baron, Gustav"]
[Result "0-1"]
[WhiteElo "1776"]
[BlackElo "2051"]
[PlyCount "136"]
[EventDate "2023.08.25"]
[EventType "swiss"]
[EventRounds "5"]
[EventCountry "CAN"]

1. d4 Nf6 2. Nf3 d5 3. e3 Bg4 4. Bd3 c5 5. c3 Nc6 6. Nbd2 Rc8 7. Qa4 Bxf3 8.
Nxf3 e6 9. O-O Bd6 10. dxc5 Bxc5 11. b4 Bb6 12. b5 Nb8 13. c4 O-O 14. Bb2 Nbd7
15. cxd5 Nc5 16. Qd1 Nxd5 17. Bb1 Nb4 18. Qe2 Qe7 19. Nd4 Rfd8 20. Qg4 g6 21.
Nf3 Ncd3 22. Ba3 Bc5 23. h4 Qf6 24. Bxd3 Nxd3 25. Bxc5 Rxc5 26. a4 Rcd5 27. Qc4
Nc5 28. Rac1 b6 29. e4 R5d7 30. a5 Qf4 31. axb6 axb6 32. e5 Qxc4 33. Rxc4 Rd5
34. Rb1 h6 35. Kh2 Kg7 36. g3 Nd3 37. Rc6 Rb8 38. Kg2 Nxe5 39. Nxe5 Rxe5 40.
Rb4 Kf6 41. Kf3 Rb7 42. Kf4 g5+ 43. hxg5+ hxg5+ 44. Kg4 Kg6 45. Kf3 f5 46. g4
f4 47. Rd6 Kf6 48. Rc6 Ke7 49. Re4 Kf6 50. Rb4 Rb8 51. Re4 Rxe4 52. Kxe4 Rb7
53. f3 Rb8 54. Rd6 Ra8 55. Rxb6 Ra3 56. Rd6 Re3+ 57. Kd4 Rxf3 58. b6 Rb3 59.
Kc5 Ke5 60. Rd1 f3 61. Kc6 Kf4 62. Rd4+ Kg3 63. b7 e5 64. Re4 Rxb7 65. Rxe5 Rf7
66. Rxg5 f2 67. Rf5 Rxf5 68. gxf5 f1=Q 0-1

[Event "Manitoba Closed"]
[Site "Winnipeg CAN"]
[Date "2023.08.25"]
[Round "1.7"]
[White "Abioye, Yemi"]
[Black "Klokow, John"]
[Result "1/2-1/2"]
[WhiteElo "2050"]
[BlackElo "1618"]
[PlyCount "79"]
[EventDate "2023.08.25"]
[EventType "swiss"]
[EventRounds "5"]
[EventCountry "CAN"]

1. e4 e5 2. Nf3 Nc6 3. Bc4 Nf6 4. d3 h6 5. h3 d6 6. Nc3 Be7 7. Be3 O-O 8. Qd2
Na5 9. Bb3 Nxb3 10. axb3 a6 11. g4 Nh7 12. Nd5 Be6 13. Nxe7+ Qxe7 14. Ke2 f6
15. Nh4 Qe8 16. Nf5 d5 17. Qb4 dxe4 18. dxe4 Qb5+ 19. Qxb5 axb5 20. Rhd1 Ng5
21. Bxg5 hxg5 22. Ne7+ Kf7 23. Nd5 Bxd5 24. Rxa8 Rxa8 25. Rxd5 Ke7 26. Rxb5 b6
27. Rb4 Ra2 28. Rc4 Kd6 29. Kd2 Rxb2 30. Ra4 Rb1 31. Ra8 Rh1 32. Rh8 b5 33. b4
Rf1 34. Ke2 Rc1 35. Rd8+ Ke7 36. Rd2 Rb1 37. c3 Rc1 38. Rd3 Rc2+ 39. Kf3 Rc1
40. Kg2 1/2-1/2

[Event "Manitoba Closed"]
[Site "Winnipeg CAN"]
[Date "2023.08.26"]
[Round "2.1"]
[White "Currie, James"]
[Black "Jodar, Marlon"]
[Result "0-1"]
[WhiteElo "1914"]
[BlackElo "2309"]
[PlyCount "48"]
[EventDate "2023.08.25"]
[EventType "swiss"]
[EventRounds "5"]
[EventCountry "CAN"]

1. e4 e5 2. f4 exf4 3. Nf3 Nf6 4. e5 Nh5 5. Be2 d6 6. d4 g6 7. Nc3 Nc6 8. Nd5
Bg7 9. Nxf4 Nxf4 10. Bxf4 dxe5 11. dxe5 Bf5 12. c3 O-O 13. Qa4 Qe7 14. g4 Bxg4
15. Bg5 Qe6 16. Qf4 Nxe5 17. O-O Nxf3+ 18. Bxf3 Bxf3 19. Qxf3 Qb6+ 20. Rf2 Rae8
21. Rd1 Re5 22. Qg3 Rfe8 23. Rdd2 Rf5 24. Kf1 Qb5+ 0-1

[Event "Manitoba Closed"]
[Site "Winnipeg CAN"]
[Date "2023.08.26"]
[Round "2.2"]
[White "Zaczek, Jonathon"]
[Black "Kwiatek, Jordan"]
[Result "1/2-1/2"]
[WhiteElo "2278"]
[BlackElo "1886"]
[PlyCount "141"]
[EventDate "2023.08.25"]
[EventType "swiss"]
[EventRounds "5"]
[EventCountry "CAN"]

1. e4 d5 2. exd5 Qxd5 3. Nc3 Qd6 4. d4 Nf6 5. Be3 c6 6. Bd3 Nbd7 7. Nf3 Nb6 8.
Ne5 Nbd5 9. Nxd5 Nxd5 10. O-O g6 11. c4 Nxe3 12. fxe3 f6 13. Nf3 Bh6 14. Qe2
O-O 15. h3 e5 16. dxe5 fxe5 17. Nh2 Be6 18. Rxf8+ Rxf8 19. Nf1 Qc5 20. b3 e4
21. Bc2 Rd8 22. Rd1 Rxd1 23. Bxd1 Qe5 24. Qd2 Bg5 25. Bc2 h5 26. Bb1 Bf5 27.
Kf2 Bh4+ 28. Kg1 Be7 29. Kf2 g5 30. Ng3 g4 31. hxg4 Bxg4 32. Nf1 Bf6 33. Kg1 h4
34. Qc2 Bf5 35. Nd2 Qg3 36. Nf1 Qe1 37. Qf2 Qxf2+ 38. Kxf2 Bc3 39. Ke2 Kf7 40.
Nd2 Bg4+ 41. Ke1 Bf5 42. Ke2 Bxd2 43. Kxd2 Ke6 44. Bc2 Ke5 45. Bd1 c5 46. Be2
Kf6 47. Ke1 Kg5 48. Bd1 Bg4 49. Bc2 Kf5 50. Kf2 b6 51. Ke1 Bh5 52. Kf2 Bg6 53.
Bd1 a6 54. Be2 Kg5 55. Bd1 Bh5 56. Bc2 Kf5 57. a4 Ke5 58. Ke1 Bg4 59. Kf2 h3
60. gxh3 Bxh3 61. Bd1 Kf5 62. Ke1 Bg4 63. Bc2 Bf3 64. Kd2 Kg4 65. Bb1 Kg3 66.
Bc2 Kf2 67. Bb1 Bg2 68. Bc2 a5 69. Bd1 Bf3 70. Bc2 Bg2 71. Bd1 1/2-1/2

[Event "Manitoba Closed"]
[Site "Winnipeg CAN"]
[Date "2023.08.26"]
[Round "2.3"]
[White "Baron, Gustav"]
[Black "Bonness, Will"]
[Result "1-0"]
[WhiteElo "2051"]
[BlackElo "1853"]
[PlyCount "69"]
[EventDate "2023.08.25"]
[EventType "swiss"]
[EventRounds "5"]
[EventCountry "CAN"]

1. b3 d5 2. Bb2 e6 3. e3 Nf6 4. f4 c5 5. Bb5+ Bd7 6. Qe2 Be7 7. Nf3 a6 8. Bxd7+
Nbxd7 9. O-O O-O 10. d3 Ne8 11. Nc3 Bf6 12. Rae1 b5 13. e4 d4 14. Nd1 e5 15. f5
g6 16. g4 Bg7 17. Bc1 Nef6 18. Nf2 Rc8 19. h3 Qc7 20. Nh1 c4 21. Rf2 cxd3 22.
cxd3 Qd6 23. Ng3 Rfd8 24. g5 Ne8 25. h4 Rc6 26. h5 Rdc8 27. Bd2 Rc2 28. f6 Bf8
29. hxg6 fxg6 30. Ref1 Kh8 31. Rh2 Qe6 32. f7 Nd6 33. Nxd4 exd4 34. Rxh7+ Kxh7
35. Qh2+ 1-0

[Event "Manitoba Closed"]
[Site "Winnipeg CAN"]
[Date "2023.08.26"]
[Round "2.4"]
[White "Wolchock, Theo"]
[Black "Abioye, Yemi"]
[Result "1-0"]
[WhiteElo "2227"]
[BlackElo "2050"]
[PlyCount "133"]
[EventDate "2023.08.25"]
[EventType "swiss"]
[EventRounds "5"]
[EventCountry "CAN"]

1. e4 e6 2. d4 d5 3. exd5 exd5 4. Nf3 Nf6 5. Bd3 Bd6 6. O-O O-O 7. Bg5 Bg4 8.
Nbd2 Nbd7 9. c4 c6 10. c5 Bc7 11. Qc2 Qb8 12. Rfe1 Bf4 13. Bxf4 Qxf4 14. b4 a6
15. a4 Rfe8 16. Rxe8+ Rxe8 17. b5 axb5 18. axb5 Ne4 19. Re1 f5 20. Ra1 Ndf6 21.
Rf1 Nxd2 22. Qxd2 Qxd2 23. Nxd2 Be2 24. Bxe2 Rxe2 25. Nf3 cxb5 26. Rb1 Rc2 27.
h3 Ra2 28. Rxb5 Ra7 29. Ne5 Kf8 30. Kh2 f4 31. h4 Ke8 32. c6 Ng4+ 33. Nxg4 bxc6
34. Rb8+ Ke7 35. Ne5 Rc7 36. Nd3 f3 37. gxf3 Kd6 38. Rd8+ Ke7 39. Rh8 h6 40.
Kg3 Rb7 41. Rc8 Kd7 42. Rg8 Kd6 43. Kf4 Rf7+ 44. Kg4 Re7 45. Nc5 Rf7 46. Rd8+
Kc7 47. Ra8 Kb6 48. Rb8+ Ka5 49. Rb7 Rf6 50. Rxg7 Kb4 51. Ra7 Kc4 52. Ra4+ Kb5
53. Ra1 Kc4 54. Rd1 h5+ 55. Kxh5 Rxf3 56. Rd2 Kc3 57. Rd3+ Rxd3 58. Nxd3 Kxd3
59. Kg6 Kxd4 60. h5 Kc3 61. h6 d4 62. h7 d3 63. h8=Q+ Kc2 64. Qc8 d2 65. Qxc6+
Kb2 66. Qd5 Kc2 67. f4 1-0

[Event "Manitoba Closed"]
[Site "Winnipeg CAN"]
[Date "2023.08.26"]
[Round "2.5"]
[White "Klokow, John"]
[Black "Zashev, Aleksandar"]
[Result "0-1"]
[WhiteElo "1618"]
[BlackElo "2066"]
[PlyCount "66"]
[EventDate "2023.08.25"]
[EventType "swiss"]
[EventRounds "5"]
[EventCountry "CAN"]

1. e4 Nf6 2. e5 Nd5 3. d4 d6 4. Nf3 Bg4 5. h3 Bh5 6. Be2 e6 7. O-O Be7 8. c4
Nb6 9. Nc3 O-O 10. b3 Nc6 11. exd6 cxd6 12. Bb2 d5 13. c5 Nc8 14. Nh2 Bg6 15.
Nf3 Bf6 16. Bb5 N8e7 17. Re1 a6 18. Bf1 Qc7 19. Na4 Rad8 20. Qd2 h6 21. Bc3 Bh5
22. g4 Bg6 23. h4 Be4 24. g5 hxg5 25. hxg5 Bxf3 26. gxf6 gxf6 27. Qh6 Ng6 28.
Re3 Be4 29. Rh3 Rfe8 30. Be2 Qf4 31. Qh7+ Kf8 32. Rd1 Ke7 33. Qh6 Rh8 0-1

[Event "Manitoba Closed"]
[Site "Winnipeg CAN"]
[Date "2023.08.26"]
[Round "2.6"]
[White "Babb, Jeff"]
[Black "Vaughan, Nathan"]
[Result "1/2-1/2"]
[WhiteElo "2139"]
[BlackElo "1963"]
[PlyCount "89"]
[EventDate "2023.08.25"]
[EventType "swiss"]
[EventRounds "5"]
[EventCountry "CAN"]

1. f4 d5 2. Nf3 g6 3. g3 Bg7 4. Bg2 Nf6 5. d3 O-O 6. O-O c5 7. c3 Nc6 8. Na3 b6
9. e4 dxe4 10. dxe4 Ba6 11. Qxd8 Rfxd8 12. Re1 e5 13. fxe5 Ng4 14. e6 fxe6 15.
Bg5 Rd7 16. Rad1 Rxd1 17. Rxd1 Nge5 18. Ne1 h6 19. Bc1 Rd8 20. Rxd8+ Nxd8 21.
Nac2 Nb7 22. Bf4 Nd6 23. Bxe5 Bxe5 24. Ne3 Bb7 25. Nd3 Bg7 26. e5 Bxg2 27. Kxg2
Nf7 28. Nf4 Nxe5 29. Nxe6 Nd3 30. Nxg7 Kxg7 31. Nd1 Kf6 32. Kf3 Ke5 33. Ke3 c4
34. b4 b5 35. h3 g5 36. Kf3 h5 37. Ne3 Nc1 38. a3 Nb3 39. a4 a6 40. axb5 axb5
41. Nd1 Nd2+ 42. Ke3 Ne4 43. Kf3 Nd2+ 44. Ke3 Ne4 45. Kf3 1/2-1/2

[Event "Manitoba Closed"]
[Site "Winnipeg CAN"]
[Date "2023.08.26"]
[Round "2.7"]
[White "Anderson, Collin"]
[Black "Atem, James"]
[Result "1-0"]
[WhiteElo "2011"]
[BlackElo "1798"]
[PlyCount "121"]
[EventDate "2023.08.25"]
[EventType "swiss"]
[EventRounds "5"]
[EventCountry "CAN"]

1. e4 d5 2. exd5 Qxd5 3. Nc3 Qd8 4. d4 c6 5. Nf3 Nf6 6. Bc4 e6 7. O-O Be7 8.
Bf4 a5 9. a4 Nbd7 10. Ba2 Nb6 11. Be5 O-O 12. Qe2 Nbd5 13. Ne4 Ng4 14. Bg3 f5
15. Nfd2 h5 16. h3 f4 17. hxg4 fxg3 18. fxg3 Nb4 19. Rxf8+ Bxf8 20. c3 Nxa2 21.
Rxa2 Qd5 22. Ra1 e5 23. gxh5 exd4 24. c4 Qe5 25. c5 Bf5 26. Re1 Re8 27. h6 Bxe4
28. Nxe4 d3 29. Nf6+ gxf6 30. Qg4+ Kh7 31. Rxe5 Rxe5 32. Qd7+ Kxh6 33. Qxd3
Bxc5+ 34. Kf1 Bb4 35. Qd7 Re7 36. Qf5 Kg7 37. g4 Re5 38. Qc8 Re7 39. Kf2 Be1+
40. Kf3 Bd2 41. Qd8 Bb4 42. Qd4 c5 43. Qd8 Kf7 44. g5 fxg5 45. Kg4 Kf6 46. Qd6+
Re6 47. Qf8+ Ke5 48. Qf5+ Kd6 49. Qxg5 b6 50. Qd8+ Ke5 51. Kh5 Rd6 52. Qc7 Kd5
53. g4 Bd2 54. g5 c4 55. g6 Re6 56. g7 Rh6+ 57. Kg4 Rg6+ 58. Kf5 Rg5+ 59. Kf6
Bc1 60. Qxb6 Rg4 61. Qe6+ 1-0

[Event "Manitoba Closed"]
[Site "Winnipeg CAN"]
[Date "2023.08.26"]
[Round "3.1"]
[White "Jodar, Marlon"]
[Black "Baron, Gustav"]
[Result "1-0"]
[WhiteElo "2309"]
[BlackElo "2051"]
[PlyCount "153"]
[EventDate "2023.08.25"]
[EventType "swiss"]
[EventRounds "5"]
[EventCountry "CAN"]

1. e4 e5 2. Nf3 Nc6 3. d4 exd4 4. Nxd4 Bb4+ 5. c3 Bc5 6. Bc4 Nf6 7. Nxc6 bxc6
8. e5 Qe7 9. Qe2 Nd5 10. O-O O-O 11. Re1 Re8 12. Qe4 Qe6 13. Nd2 Qg6 14. Bxd5
cxd5 15. Qxd5 Qc6 16. Qxc6 dxc6 17. Nb3 Be7 18. Be3 a5 19. Nc5 Bf5 20. b3 Reb8
21. f4 Rb5 22. Na4 Rd5 23. Rad1 Rad8 24. Rd4 g5 25. Red1 Be4 26. R1d2 gxf4 27.
Bxf4 h5 28. Be3 Bf5 29. c4 Rxd4 30. Rxd4 Rb8 31. Rf4 Bg6 32. Rf2 Rd8 33. Rd2
Rc8 34. Rd7 Bf8 35. Bg5 Bb4 36. Bd2 Bf5 37. Rd4 c5 38. Rd5 Be4 39. Bxb4 Bxd5
40. Bxa5 Bxc4 41. Nxc5 Bd5 42. a4 c6 43. Bb6 Re8 44. a5 Ra8 45. Kf2 Kf8 46. g3
Ke7 47. Ke3 Be6 48. a6 Bxb3 49. Nxb3 Rxa6 50. Bd4 Kd8 51. Nc5 Ra2 52. h4 Rg2
53. Kf3 Rd2 54. Be3 Rh2 55. Bg5+ Kc8 56. g4 Rh3+ 57. Kf4 hxg4 58. Kxg4 Rh1 59.
h5 Kc7 60. Ne4 Rg1+ 61. Kf5 Rf1+ 62. Bf4 c5 63. Ng3 Rf2 64. h6 Rh2 65. Ne4 Rh5+
66. Kg4 Rh1 67. Ng3 Ra1 68. h7 Ra8 69. Kh5 Kc6 70. Kh6 Kd5 71. Kg7 Ke6 72. Nh5
f5 73. h8=Q Rxh8 74. Kxh8 Kf7 75. Ng7 c4 76. e6+ Kf6 77. Bg5+ 1-0

[Event "Manitoba Closed"]
[Site "Winnipeg CAN"]
[Date "2023.08.26"]
[Round "3.2"]
[White "Zaczek, Jonathon"]
[Black "Wolchock, Theo"]
[Result "1-0"]
[WhiteElo "2278"]
[BlackElo "2227"]
[PlyCount "107"]
[EventDate "2023.08.25"]
[EventType "swiss"]
[EventRounds "5"]
[EventCountry "CAN"]

1. e4 c5 2. Nf3 Nc6 3. d4 cxd4 4. Nxd4 e5 5. Nb5 d6 6. Nd2 Nf6 7. c4 Be6 8. Bd3
Be7 9. O-O O-O 10. Re1 Nd7 11. Nf1 Nc5 12. Ne3 Rc8 13. b3 a6 14. Nc3 Nd4 15.
Bb2 f5 16. exf5 Nxf5 17. Bxf5 Bxf5 18. Nxf5 Rxf5 19. Qd5+ Kh8 20. Ne4 Nxe4 21.
Qxe4 Qf8 22. Qxb7 Rxf2 23. Rf1 Rxf1+ 24. Rxf1 Bf6 25. Ba3 Rd8 26. Qd5 Qe7 27.
Rd1 Qa7+ 28. c5 h6 29. Qc6 Be7 30. g3 Kh7 31. Kg2 dxc5 32. Rxd8 Bxd8 33. Bxc5
Qc7 34. Qxc7 Bxc7 35. Kf3 Kg6 36. Ke4 Kf6 37. b4 Ke6 38. a4 g6 39. g4 h5 40. h3
Bb8 41. a5 Bd6 42. Bxd6 Kxd6 43. gxh5 gxh5 44. h4 Kc6 45. Kxe5 Kb5 46. Kf5 Kxb4
47. Kg5 Kxa5 48. Kxh5 Kb4 49. Kg6 a5 50. h5 a4 51. h6 a3 52. h7 Kb3 53. h8=Q
Ka2 54. Qc3 1-0

[Event "Manitoba Closed"]
[Site "Winnipeg CAN"]
[Date "2023.08.26"]
[Round "3.3"]
[White "Kwiatek, Jordan"]
[Black "Anderson, Collin"]
[Result "0-1"]
[WhiteElo "1886"]
[BlackElo "2011"]
[PlyCount "77"]
[EventDate "2023.08.25"]
[EventType "swiss"]
[EventRounds "5"]
[EventCountry "CAN"]

1. d4 Nf6 2. Bf4 g6 3. Nc3 d5 4. Qd2 Bg7 5. Bh6 O-O 6. h4 c5 7. h5 cxd4 8. hxg6
fxg6 9. Qxd4 Qb6 10. Qxb6 axb6 11. Bxg7 Kxg7 12. f3 d4 13. Nb5 Nc6 14. O-O-O
Rxa2 15. Kb1 Ra4 16. Rh4 g5 17. Rh2 Bf5 18. g4 Rfa8 19. Na3 Bg6 20. e4 dxe3 21.
Nh3 h6 22. Bd3 Bxd3 23. Rxd3 b5 24. c3 b4 25. cxb4 Rxb4 26. Re2 Nd5 27. Rxd5
Rxa3 28. f4 gxf4 29. Nxf4 Rab3 30. Ne6+ Kg6 31. Nc5 Rb5 32. Nxb3 Rxd5 33. Rxe3
e5 34. Kc2 Kg5 35. Rh3 Rd6 36. Nc5 Kxg4 37. Rb3 Nd4+ 38. Kc3 Nxb3 39. Kxb3 0-1

[Event "Manitoba Closed"]
[Site "Winnipeg CAN"]
[Date "2023.08.26"]
[Round "3.4"]
[White "Zashev, Aleksandar"]
[Black "Currie, James"]
[Result "1-0"]
[WhiteElo "2066"]
[BlackElo "1914"]
[PlyCount "73"]
[EventDate "2023.08.25"]
[EventType "swiss"]
[EventRounds "5"]
[EventCountry "CAN"]

1. d4 c5 2. e4 cxd4 3. Nf3 e5 4. Bc4 Qc7 5. Bb3 Nc6 6. O-O Nf6 7. c3 Bc5 8.
cxd4 Nxd4 9. Nc3 a6 10. Bg5 d6 11. Bxf6 gxf6 12. Nxd4 exd4 13. Nd5 Qd8 14. Qf3
Be6 15. Nxf6+ Ke7 16. e5 dxe5 17. Rfe1 Bd6 18. Rad1 Bxb3 19. axb3 Ke6 20. Rxd4
Qb6 21. Rf4 Qc6 22. Qh3+ Ke7 23. Qf5 Rad8 24. Rc4 Qb5 25. Ne4 Qd5 26. Qg5+ Ke6
27. Rcc1 Be7 28. Qh6+ f6 29. f4 Qd4+ 30. Kh1 Rhg8 31. fxe5 Rg6 32. Qxh7 Rdg8
33. exf6 Bb4 34. f7 R8g7 35. Nd6+ Bxe1 36. Qh3+ Rg4 37. Rxe1+ 1-0

[Event "Manitoba Closed"]
[Site "Winnipeg CAN"]
[Date "2023.08.26"]
[Round "3.5"]
[White "Bonness, Will"]
[Black "Babb, Jeff"]
[Result "1-0"]
[WhiteElo "1853"]
[BlackElo "2129"]
[PlyCount "51"]
[EventDate "2023.08.25"]
[EventType "swiss"]
[EventRounds "5"]
[EventCountry "CAN"]

1. e4 e5 2. Nf3 Nc6 3. Nc3 Nf6 4. d4 exd4 5. Nxd4 Bb4 6. Nxc6 bxc6 7. Bd3 d6 8.
O-O O-O 9. Bg5 h6 10. Bh4 g5 11. Bg3 Bg4 12. f3 Bh5 13. Ne2 Bc5+ 14. Bf2 Bxf2+
15. Rxf2 Bg6 16. Ng3 Rb8 17. b3 Kh7 18. Qd2 Nd7 19. Raf1 Ne5 20. f4 gxf4 21.
Rxf4 Qg5 22. Qf2 c5 23. h4 Nxd3 24. cxd3 Qe5 25. h5 Bxh5 26. Rf5 1-0

[Event "Manitoba Closed"]
[Site "Winnipeg CAN"]
[Date "2023.08.26"]
[Round "3.6"]
[White "Abioye, Yemi"]
[Black "Vaughan, Nathan"]
[Result "1-0"]
[WhiteElo "2050"]
[BlackElo "1963"]
[PlyCount "125"]
[EventDate "2023.08.25"]
[EventType "swiss"]
[EventRounds "5"]
[EventCountry "CAN"]

1. e4 e5 2. Nf3 Nc6 3. Bc4 Nf6 4. Ng5 d5 5. exd5 Na5 6. Bb5+ c6 7. dxc6 bxc6 8.
Qf3 cxb5 9. Qxa8 Qc7 10. Ne4 Nc6 11. Nxf6+ gxf6 12. a4 b4 13. d4 Kd7 14. d5 Bb7
15. dxc6+ Bxc6 16. Qxc6+ Qxc6 17. O-O Rg8 18. g3 h5 19. Be3 h4 20. Nd2 hxg3 21.
fxg3 Bc5 22. Bxc5 Qxc5+ 23. Rf2 f5 24. Nf3 e4 25. Rd1+ Kc8 26. Nd4 e3 27. Rxf5
Qd6 28. Rd3 Re8 29. Kf1 Qh6 30. h4 Qd6 31. Rf3 a6 32. Ke2 Qd5 33. b3 Kb8 34.
Rdxe3 Rxe3+ 35. Kxe3 Qe5+ 36. Kd3 Qc5 37. Ke4 Qe7+ 38. Kd3 Qe1 39. h5 Qc3+ 40.
Ke4 f5+ 41. Nxf5 Qxc2+ 42. Kf4 Qc7+ 43. Kg4 Qc6 44. h6 Qg6+ 45. Kh4 Qf6+ 46.
Kh3 Qg6 47. g4 a5 48. Kh4 Kb7 49. g5 Kb6 50. Rf4 Kc5 51. Kg4 Kb6 52. Nh4 Qe6+
53. Kh5 Qe8+ 54. g6 Qe5+ 55. Rf5 Qe2+ 56. Kg5 Qd2+ 57. Rf4 Qd8+ 58. Rf6+ Kc5
59. g7 Kd5 60. h7 Ke5 61. Ng6+ Ke4 62. g8=Q Qd2+ 63. Nf4 1-0

[Event "Manitoba Closed"]
[Site "Winnipeg CAN"]
[Date "2023.08.26"]
[Round "3.7"]
[White "Atem, James"]
[Black "Klokow, John"]
[Result "0-1"]
[WhiteElo "1798"]
[BlackElo "1618"]
[PlyCount "90"]
[EventDate "2023.08.25"]
[EventType "swiss"]
[EventRounds "5"]
[EventCountry "CAN"]

1. e4 e5 2. d4 exd4 3. Qxd4 Nc6 4. Qd1 Bc5 5. Nf3 d6 6. Bc4 Nf6 7. Bg5 Bxf2+ 8.
Kxf2 Nxe4+ 9. Kf1 Nxg5 10. Qe2+ Ne6 11. c3 O-O 12. Kf2 Qf6 13. Rf1 Ne5 14. Kg1
Nxc4 15. Qxc4 Qd8 16. Nbd2 Bd7 17. Nb3 Bc6 18. Nfd4 Nxd4 19. Nxd4 Qd7 20. Nf5
Rae8 21. Qg4 f6 22. Qg3 Re2 23. b3 Rxg2+ 24. Qxg2 Bxg2 25. Kxg2 Qc6+ 26. Rf3
Re8 27. Kg3 Kf7 28. Raf1 Qd5 29. R1f2 Re1 30. Kg2 Qd1 31. Ne3 Rg1+ 32. Kh3 Qb1
33. Rg3 Rxg3+ 34. hxg3 Qc1 35. Nc2 Qb2 36. Kg2 Qxc3 37. Na3 c6 38. Nc4 d5 39.
Nd6+ Ke7 40. Nxb7 Qb4 41. Re2+ Kd7 42. a3 Qxb7 43. b4 a5 44. bxa5 Qb5 45. Re3
Qxa5 0-1

[Event "Manitoba Closed"]
[Site "Winnipeg CAN"]
[Date "2023.08.27"]
[Round "4.1"]
[White "Jodar, Marlon"]
[Black "Zaczek, Jonathon"]
[Result "1-0"]
[WhiteElo "2309"]
[BlackElo "2278"]
[PlyCount "105"]
[EventDate "2023.08.25"]
[EventType "swiss"]
[EventRounds "5"]
[EventCountry "CAN"]

1. e4 c5 2. Nf3 d6 3. d4 cxd4 4. Nxd4 Nf6 5. Nc3 a6 6. Be3 e5 7. Nb3 Be7 8. f3
Be6 9. Qd2 h5 10. O-O-O Nbd7 11. Kb1 Rc8 12. Nd5 Nxd5 13. exd5 Bf5 14. Bd3 Bxd3
15. Qxd3 Bg5 16. Bf2 Qc7 17. Rhe1 O-O 18. h4 Bh6 19. g4 Bf4 20. Nd2 Bxd2 21.
Rxd2 f5 22. gxh5 Qc4 23. Qa3 Nc5 24. Rg1 Kh7 25. Qe3 f4 26. Qe1 Na4 27. Bd4
Qxd5 28. Bc5 Qxf3 29. Bxd6 Rf7 30. Qxe5 Qe3 31. Rdg2 Qxe5 32. Bxe5 Nc5 33.
Rxg7+ Rxg7 34. Rxg7+ Kh6 35. Rf7 Kxh5 36. Rxf4 Re8 37. Bc3 Ne4 38. Be1 Nd6 39.
Rf1 Re2 40. b3 Nb5 41. Bb4 Kxh4 42. c4 Na7 43. Rf7 Nc6 44. Bc3 b5 45. Rf6 b4
46. Rxc6 bxc3 47. Rxa6 Kg3 48. Rd6 Rb2+ 49. Kc1 Kf4 50. Rd3 Rxa2 51. Rxc3 Ke4
52. Rc2 Ra8 53. Rd2 1-0

[Event "Manitoba Closed"]
[Site "Winnipeg CAN"]
[Date "2023.08.27"]
[Round "4.2"]
[White "Baron, Gustav"]
[Black "Zashev, Aleksandar"]
[Result "1-0"]
[WhiteElo "2051"]
[BlackElo "2066"]
[PlyCount "95"]
[EventDate "2023.08.25"]
[EventType "swiss"]
[EventRounds "5"]
[EventCountry "CAN"]

1. d4 Nf6 2. c4 e6 3. Nc3 d5 4. cxd5 exd5 5. Qc2 c6 6. Bg5 Be7 7. e3 O-O 8. Bd3
Nbd7 9. Nf3 Re8 10. O-O Nf8 11. Ne5 Ne4 12. Bf4 Nd6 13. Rab1 h5 14. h3 Bd7 15.
b4 b5 16. a3 Nc4 17. Bxc4 dxc4 18. Rfd1 Bf6 19. Bh2 Bxe5 20. Bxe5 Ng6 21. Bg3
Qg5 22. Kf1 f5 23. d5 f4 24. exf4 Nxf4 25. Qd2 Rf8 26. Ne2 Nxh3 27. gxh3 Bxh3+
28. Kg1 Qg4 29. dxc6 h4 30. Qd5+ Kh8 31. Rd4 hxg3 32. fxg3 Qe6 33. Nf4 Qe3+ 34.
Kh2 Bf5 35. Rh1 Qf2+ 36. Ng2 Rae8 37. Rh4+ Bh7 38. Qh5 Qc2 39. Rc1 Qf5 40. Nf4
Kg8 41. Rd1 Rd8 42. Qxf5 Bxf5 43. Nd5 Kf7 44. Rf4 Kg6 45. Ne7+ Kg5 46. Rxd8
Rxd8 47. Rxf5+ Kg4 48. Rf4+ 1-0